000 00361nam a2200145Ia 4500
008 210210b2000 xxu||||| |||| 00| 0 eng d
082 _a769.56 SHET
100 _aSHENOI (L G).
245 _aThematic stamp collecting.
260 _aMysore.
_bPhilatelics publication
_c2000
300 _a37
650 _aStamps
690 _aStamp Collecting
906 _a042236
999 _c92144
_d92144